| 000 | 00000nam##2200000za#4500 |
| 001 | 9.615420 |
| 003 | CaOODSP |
| 005 | 20200514165625 |
| 007 | ta |
| 008 | 150406|2000||||xxc||||| f|0| 0 eng|d |
| 040 | |aCaOODSP|beng |
| 043 | |an-cn--- |
| 086 | 1 |aNH18-22/99-110E |
| 110 | 2 |aCanada Mortgage and Housing Corporation. |
| 245 | 10|aResearch project on the reduction of noise produced by garage doors in multiple housing projects |
| 260 | |aOttawa - Ontario : |bCanada Mortgage and Housing Corporation |c2000. |
| 300 | |a4p. ; |c28 cm. |
| 490 | 1 |aResearch highlight. Technical series |v99-110 |
| 563 | |aPamphlet |
| 590 | |a01-02|b2001-01-12 |
| 690 | 07|aConstruction materials|2gcpds |
| 690 | 07|aHousing|2gcpds |
| 775 | 08|tProjet de recherche sur la réduction du bruit produit par les portes de garage des collectifs d'habitation |w(CaOODSP)9.625509 |
| 776 | 0#|tResearch project on the reduction of noise produced by garage doors in multiple housing projects |w(CaOODSP)9.572268 |
| 830 | #0|aResearch highlight. Technical series ;|v99-110|w(CaOODSP)9.514826 |
| 986 | |aNHA 2266 |